Řízení rizika a finanční inženýrství

Gespeichert in:
Bibliographische Detailangaben
Weitere Verfasser: Blaha, Zdenek Sid
Format: Buch
Sprache:Tschechisch
Englisch
Veröffentlicht: Praha Management Press 2004
Schlagworte:
Tags: Tag hinzufügen
Keine Tags, Fügen Sie das erste Tag hinzu!

MARC

LEADER 00000nam$a2200000$$$4500
001 0023150
005 20240104134416.2
020 |a 80-7261-113-5 
041 0 |a cze 
041 0 |a eng 
044 |a CZ 
245 1 0 |a Řízení rizika a finanční inženýrství  |c Zdenek Sid Blaha (editor) 
264 1 |a Praha  |b Management Press  |c 2004 
300 |a 196 s. 
610 2 0 |a risk management 
610 2 0 |a inžinierstvo finančné 
610 2 0 |a riziko 
610 2 0 |a portfólio 
610 2 0 |a dlhopisy 
610 2 0 |a riziko úverové 
610 2 0 |a Česko 
610 2 0 |a bankrot 
610 2 0 |a hospodárenie finančné 
610 2 0 |a riziko finančné 
700 1 |a Blaha, Zdenek Sid